| 000 | 00584nam a22001817a 4500 | ||
|---|---|---|---|
| 008 | 161005b xxu||||| |||| 00| 0 eng d | ||
| 020 | _a0199797127 | ||
| 040 |
_aKABU _cKABU |
||
| 050 |
_aML113 _b.S26 2013 C.1 |
||
| 100 | _aSampsel, Laurie J. | ||
| 245 |
_aMusic research _ba handbook |
||
| 260 |
_aNew York _bOxford university press _c2013 |
||
| 300 | _axxvi, 320 p. | ||
| 650 |
_2Music _vBibliography |
||
| 650 |
_2Music _vBibliography _xHistory and criticism |
||
| 650 |
_2Music _xBibliography of bibliographies |
||
| 942 |
_2lcc _cBK _hML113 .S26 2013 C.1 |
||
| 999 |
_c16137 _d16137 |
||